000 00689cam a22002413a 4500
001 13423
003 PGUSA
005 20140828083304.0
008 040910s2004||||xxu|||||s|||||000 1 eng d
040 _aPGUSA
_beng
042 _adc
050 4 _aPS
100 1 _aGrisewood, R. Norman
_q(Robert Norman),
_d1876-1923
245 1 0 _aZarlah the Martian
_h[electronic resource] /
_cR. Norman Grisewood
260 _bProject Gutenberg,
_c2004
506 _aPublic domain in the USA.
516 _aElectronic text
653 _aScience fiction
653 _aMars (Planet) -- Fiction
830 0 _aProject Gutenberg
_v13423
856 4 0 _uhttp://www.gutenberg.org/ebooks/13423
942 _cEB
999 _c242678
_d242678